[Event "26e tournoi 1hKO"]
[Site "Montigny le Bretonneux"]
[Date "2024.05.09"]
[Round "2.7"]
[White "Nosperger, Mael"]
[Black "Couradin, Bruno"]
[Result "1-0"]
[WhiteElo "1727"]
[BlackElo "1579"]
[Annotator "Rivier,Sylvain"]
[PlyCount "105"]
[EventDate "2024.??.??"]
[WhiteTeam "Palamede Echecs"]
[BlackTeam "La Dame Noire"]

{Défense Pirc, variante classique} 1. d4 d6 2. e4 Nf6 3. Nc3 g6 4. Nf3 Bg7 5.
Bg5 O-O 6. Be2 Nbd7 7. Qd2 c5 8. Bh6 cxd4 9. Nxd4 Ne5 10. h4 Neg4 11. Bxg4 Nxg4
12. Bxg7 Kxg7 13. h5 Rh8 14. f3 Nf6 15. h6+ Kf8 16. O-O-O Bd7 17. Nb3 Bc6 18.
e5 Ne8 19. Ne4 Bxe4 20. fxe4 Qc7 21. exd6 Nxd6 22. Qd4 Rg8 23. Rhf1 Rc8 24. c3
Ke8 25. Qd5 Qc6 26. Qxc6+ Rxc6 27. Nd4 Rc5 28. Rfe1 Re5 29. Nf3 Rxe4 30. Ng5
Rxe1 31. Rxe1 Nf5 32. Nxh7 Nxh6 33. Nf6+ Kf8 34. Nxg8 Nxg8 35. Kd2 Nf6 36. Kd3
e6 37. c4 Ke7 38. b4 b6 39. Kd4 Kd6 40. Rf1 Ke7 41. c5 Nd5 42. b5 bxc5+ 43.
Kxc5 f5 44. a4 Kd7 45. Rd1 Kc7 46. a5 Ne3 47. b6+ axb6+ 48. axb6+ Kb7 49. Rd7+
Kb8 50. Kc6 Kc8 51. b7+ Kb8 52. Rd8+ Ka7 53. Ra8# 1-0

[Event "26e tournoi 1hKO"]
[Site "Montigny le Bretonneux"]
[Date "2024.05.09"]
[Round "2.8"]
[White "Pelletier, Sylvain"]
[Black "Gaziello, Marc"]
[Result "1/2-1/2"]
[WhiteElo "1598"]
[BlackElo "1716"]
[Annotator "Rivier,Sylvain"]
[PlyCount "54"]
[EventDate "2024.??.??"]
[WhiteTeam "Club d'Echecs de Guyancourt"]
[BlackTeam "Club d'Echecs de l'Arpajonnais"]

{Défense sicilienne, système fermé} 1. e4 c5 2. Nc3 Nc6 3. Bb5 Nd4 4. f4 g6
5. Nf3 Bg7 6. O-O e6 7. e5 Ne7 8. Nxd4 cxd4 9. Ne4 O-O 10. Nf6+ Bxf6 11. exf6
Nd5 12. d3 Qxf6 13. Qe1 b6 14. Bd2 a6 15. Ba4 b5 16. Bb3 Bb7 17. Bxd5 Bxd5 18.
c3 Rac8 19. Qg3 dxc3 20. Bxc3 Qf5 21. Qh4 h5 22. h3 Rxc3 23. bxc3 Qxd3 24. Qe1
Rc8 25. a4 Bc6 26. a5 Qd5 27. Rf2 Qc5 {suite illisible} 1/2-1/2

[Event "26e tournoi 1hKO"]
[Site "Montigny le Bretonneux"]
[Date "2024.05.09"]
[Round "2.9"]
[White "Corbillet, Mathieu"]
[Black "Orfila, Leila"]
[Result "1-0"]
[WhiteElo "1699"]
[BlackElo "1009"]
[Annotator "Rivier,Sylvain"]
[PlyCount "33"]
[EventDate "2024.??.??"]
[WhiteTeam "La Dame Noire"]
[BlackTeam "Club d'Echecs de Guyancourt"]

{Défense Philidor} 1. e4 e5 2. Nf3 Nc6 3. d4 d6 4. dxe5 dxe5 5. Qxd8+ Nxd8 6.
Nxe5 Nf6 7. Nc3 Bc5 8. Bc4 O-O 9. f3 b6 10. Bf4 Bb7 11. O-O-O Rc8 12. Nd7 Nxd7
13. Rxd7 Ne6 14. Bxe6 fxe6 15. Be5 Bc6 16. Rxg7+ Kh8 17. Rg3+ 1-0

[Event "26e tournoi 1hKO"]
[Site "Montigny le Bretonneux"]
[Date "2024.05.09"]
[Round "2.10"]
[White "Spinos, Steven"]
[Black "Bordier, Hugo"]
[Result "0-1"]
[WhiteElo "1573"]
[BlackElo "1693"]
[Annotator "Rivier,Sylvain"]
[PlyCount "60"]
[EventDate "2024.??.??"]
[WhiteTeam "La Tour de Mantes"]
[BlackTeam "Echiquier de la Butte"]

{Gambit dame} 1. d4 d5 2. c4 e6 3. Nc3 Nf6 4. Nf3 c5 5. cxd5 Nxd5 6. e4 Nxc3 7.
bxc3 Be7 8. Bd3 O-O 9. O-O b6 10. Bb2 Bb7 11. Ne5 Nd7 12. Qh5 g6 13. Qe2 Nxe5
14. dxe5 Qc7 15. c4 Rfd8 16. Rad1 Rd7 17. f4 Rad8 18. f5 exf5 19. exf5 Qc6 20.
Rf3 Bf8 21. e6 fxe6 22. fxe6 Re7 23. Qe5 Bg7 24. Qg5 Qxe6 25. Bxg7 Bxf3 26.
gxf3 Kxg7 27. Qc1 Qe3+ 28. Qxe3 Rxe3 29. Bc2 Rxd1+ 30. Bxd1 Re1+ 0-1

[Event "26e tournoi 1hKO"]
[Site "Montigny le Bretonneux"]
[Date "2024.05.09"]
[Round "2.11"]
[White "Ancey, Remi"]
[Black "Ruiz, Alexandra"]
[Result "1-0"]
[WhiteElo "1483"]
[BlackElo "1518"]
[Annotator "Rivier,Sylvain"]
[PlyCount "59"]
[EventDate "2024.??.??"]
[WhiteTeam "Club d'Echecs de Triel sur Seine"]
[BlackTeam "Club d'Echecs du Vesinet"]

{Défense sicilienne, fianchetto accéléré} 1. e4 c5 2. Nc3 Nc6 3. Nf3 g6 4.
d4 cxd4 5. Nxd4 Bg7 6. Nxc6 bxc6 7. Bc4 e6 8. O-O Ne7 9. Bg5 O-O 10. Qd2 d5 11.
Bb3 Qd7 12. Qe3 d4 13. Qf3 dxc3 14. bxc3 Bxc3 15. Qxc3 f5 16. Bh6 Rf7 17. Rad1
Qc7 18. Rfe1 Bd7 19. Rd2 fxe4 20. Rxe4 Nf5 21. Bf4 Qc8 22. Qe5 Ng7 23. Rd1 Rf5
24. Qc3 Qe8 25. Bc1 Kh8 26. Bb2 Rf7 27. Rde1 Kg8 28. Rh4 Qe7 29. Qh3 Nf5 30.
Qc3 1-0

[Event "26e tournoi 1hKO"]
[Site "Montigny le Bretonneux"]
[Date "2024.05.09"]
[Round "2.12"]
[White "Goujon, Antoine"]
[Black "Chevrier, Denis"]
[Result "1/2-1/2"]
[WhiteElo "1762"]
[BlackElo "1738"]
[Annotator "Rivier,Sylvain"]
[PlyCount "86"]
[EventDate "2024.??.??"]
[WhiteTeam "CE Le Roi Soleil - Le Chesnay - Versailles"]
[BlackTeam "Club d'Echecs de l'Arpajonnais"]

{Partie du pion dame} 1. d4 d5 2. Nc3 Nf6 3. Bf4 Nc6 4. Nb5 e5 5. Bxe5 Nxe5 6.
dxe5 a6 7. Nc3 Ng4 8. Qxd5 Qe7 9. Nf3 Qb4 10. Qb3 Qc5 11. e3 Be7 12. Bc4 O-O
13. e6 f5 14. h3 Ne5 15. Nxe5 Qxe5 16. O-O-O c6 17. Ne2 b5 18. Bd3 Bxe6 19. Qc3
Bf6 20. Qxe5 Bxe5 21. Kb1 c5 22. Nf4 Bc8 23. Be2 Re8 24. Bf3 Ra7 25. Nd3 Bd6
26. Nc1 Be5 27. Nd3 Bd6 28. Nc1 Be7 29. Rd2 Rd7 30. Rhd1 Rxd2 31. Rxd2 Be6 32.
Bd5 Kf7 33. Bxe6+ Kxe6 34. Ne2 Rd8 35. Rxd8 Bxd8 36. c3 g5 37. Kc2 Bc7 38. f4
gxf4 39. exf4 h5 40. Kd3 Kd5 41. c4+ Kc6 42. Ke3 b4 43. Ng3 Bd8 {suite
illisible} 1/2-1/2

[Event "26e tournoi 1hKO"]
[Site "Montigny le Bretonneux"]
[Date "2024.05.09"]
[Round "2.13"]
[White "El Ghak, Karim"]
[Black "Fasquelle, Yann"]
[Result "1-0"]
[WhiteElo "1199"]
[BlackElo "1569"]
[Annotator "Rivier,Sylvain"]
[PlyCount "61"]
[EventDate "2024.??.??"]
[WhiteTeam "La Dame Noire"]
[BlackTeam "Saint-Quentin en Yvelines"]

{Ouverture du pion dame, défense est-indienne} 1. d4 Nf6 2. Bf4 d6 3. e3 g6 4.
Be2 Bg7 5. h3 O-O 6. Nf3 c5 7. O-O cxd4 8. exd4 Qb6 9. Qc1 Bf5 10. c3 Nbd7 11.
Nbd2 Rac8 12. Re1 Nd5 13. Nc4 Qd8 14. Bh6 b5 15. Bxg7 Kxg7 16. Ne3 Nxe3 17.
Qxe3 b4 18. c4 Nf6 19. Bd3 Bxd3 20. Qxd3 Rc7 21. Re3 Re8 22. Rae1 Qc8 23. b3
Qa6 24. Qd2 Qb6 25. d5 a5 26. Nd4 Qb8 27. Nc6 Qa8 28. Nxe7 Rexe7 29. Rxe7 Qd8
30. Rxc7 Qxc7 31. Qe3 {suite non notée} 1-0

[Event "26e tournoi 1hKO"]
[Site "Montigny le Bretonneux"]
[Date "2024.05.09"]
[Round "2.14"]
[White "Bouloc, Roger"]
[Black "El Yaalaoui, Asiya"]
[Result "1-0"]
[WhiteElo "1567"]
[BlackElo "1099"]
[Annotator "Rivier,Sylvain"]
[PlyCount "25"]
[EventDate "2024.??.??"]
[WhiteTeam "La Dame Noire"]
[BlackTeam "Club d'Echecs de Guyancourt"]

{Partie espagnole, défense berlinoise ouverte} 1. e4 e5 2. Nf3 Nc6 3. Bb5 Nf6
4. O-O Nxe4 5. Re1 Nf6 6. Nxe5 Bc5 7. Nxc6+ Kf8 8. Nxd8 a6 9. d4 Bb4 10. c3 Bd6
11. Bc4 g6 12. Bh6+ Kg8 13. Bxf7# 1-0

[Event "26e tournoi 1hKO"]
[Site "Montigny le Bretonneux"]
[Date "2024.05.09"]
[Round "2.15"]
[White "Zoubko, Kyril"]
[Black "Meddour, Ithri"]
[Result "0-1"]
[WhiteElo "1199"]
[BlackElo "1563"]
[Annotator "Rivier,Sylvain"]
[PlyCount "90"]
[EventDate "2024.??.??"]
[WhiteTeam "La Dame Noire"]
[BlackTeam "Saint-Quentin en Yvelines"]

{Défense sicilienne} 1. e4 c5 2. Nf3 e6 3. d4 cxd4 4. e5 Nc6 5. Nxd4 Qa5+ 6.
c3 Qxe5+ 7. Qe2 Qxe2+ 8. Bxe2 Nxd4 9. cxd4 Nf6 10. O-O d5 11. Nc3 a6 12. a3 Bd6
13. b4 b5 14. Bd3 Bb7 15. Ne2 O-O 16. Bg5 Nd7 17. Bf4 e5 18. dxe5 Bxe5 19. Rac1
Rac8 20. Bf5 Rxc1 21. Rxc1 Bxf4 22. Nxf4 Nb6 23. Nd3 g6 24. Nc5 Rb8 25. Nxb7
Rxb7 26. Bc8 Ra7 27. Rc6 Nc4 28. Rxa6 Rxa6 29. Bxa6 Nxa3 30. Kf1 Kg7 31. Ke2
Nc2 32. Bxb5 Nxb4 33. Ke3 Kf6 34. Kd4 Ke6 35. f3 Kd6 36. Ba4 Nc6+ 37. Kd3 f6
38. Bxc6 Kxc6 39. Kd4 Kd6 40. g3 Ke6 41. h3 h5 42. g4 hxg4 43. fxg4 g5 44. Ke3
Ke5 45. Kf3 d4 0-1

[Event "26e tournoi 1hKO"]
[Site "Montigny le Bretonneux"]
[Date "2024.05.09"]
[Round "2.16"]
[White "El Yaalaoui, Adam"]
[Black "Elie, Nicolas"]
[Result "1-0"]
[WhiteElo "1558"]
[BlackElo "1009"]
[Annotator "Rivier,Sylvain"]
[PlyCount "57"]
[EventDate "2024.??.??"]
[WhiteTeam "Club d'Echecs de Guyancourt"]
[BlackTeam "Club d'Echecs de Guyancourt"]

{Gambit du roi, contre-gambit Falkbeer} 1. e4 e5 2. f4 d5 3. exd5 e4 4. Nc3 Nf6
5. d4 Bg4 6. Be2 Bxe2 7. Qxe2 Bb4 8. Qb5+ c6 9. Qxb4 cxd5 10. Qxb7 Nbd7 11.
Nxd5 O-O 12. Ne2 Nb6 13. Nxf6+ Qxf6 14. O-O Rfd8 15. Qxe4 Rd6 16. b3 Rad8 17.
Bb2 Rc6 18. d5 Nxd5 19. Bxf6 Nxf6 20. Qxc6 Re8 21. Rad1 a6 22. Ng3 h6 23. Nh5
Nxh5 24. Qxe8+ Kh7 25. Rd7 Kg6 26. Qxf7+ Kh7 27. f5 a5 28. Qg6+ Kg8 29. Rd8#
1-0

[Event "26e tournoi 1hKO"]
[Site "Montigny le Bretonneux"]
[Date "2024.05.09"]
[Round "2.17"]
[White "Berhaut, Antoine"]
[Black "Montay, Jean-Paul"]
[Result "0-1"]
[WhiteElo "1009"]
[BlackElo "1558"]
[Annotator "Rivier,Sylvain"]
[PlyCount "43"]
[EventDate "2024.??.??"]
[WhiteTeam "Club d'Echecs de Guyancourt"]
[BlackTeam "La Dame Noire"]

{Défense des deux cavaliers} 1. e4 e5 2. Nf3 Nc6 3. Bc4 Nf6 4. Ng5 d5 5. exd5
Nxd5 6. Bxd5 Qxd5 7. O-O Be7 8. d3 Bxg5 9. Bxg5 O-O 10. Nc3 Qd7 11. Re1 f6 12.
Be3 b6 13. Qf3 Bb7 14. Nb5 Rab8 15. c4 Nb4 16. Rac1 Bxf3 17. gxf3 Nxd3 18. Red1
Qf5 19. Rc3 Rbd8 20. Nxc7 Nf4 21. Re1 Qg6+ 22. Kf1 0-1

[Event "26e tournoi 1hKO"]
[Site "Montigny le Bretonneux"]
[Date "2024.05.09"]
[Round "2.18"]
[White "Gabory, Clement"]
[Black "Corbeau, Lou"]
[Result "0-1"]
[WhiteElo "1009"]
[BlackElo "1445"]
[Annotator "Rivier,Sylvain"]
[PlyCount "48"]
[EventDate "2024.??.??"]
[WhiteTeam "Club d'Echecs de Guyancourt"]
[BlackTeam "Nogent le Roi"]

{Défense française} 1. e4 e6 2. Nf3 d5 3. Nc3 Bb4 4. Bb5+ c6 5. Ba4 Nf6 6.
O-O Bxc3 7. dxc3 Nxe4 8. Bf4 Qf6 9. Bxb8 Rxb8 10. Qd3 O-O 11. Qe3 Ra8 12. Bb3
e5 13. c4 Re8 14. c3 Bf5 15. Bc2 Qg6 16. Nh4 Qh5 17. Bd1 Qxh4 18. h3 Re6 19.
Bf3 Rg6 20. Rae1 Bxh3 21. Re2 Bxg2 22. Bxg2 Qg4 23. Qf3 Qxf3 24. Rfe1 Qxg2# 0-1

[Event "26e tournoi 1hKO"]
[Site "Montigny le Bretonneux"]
[Date "2024.05.09"]
[Round "2.19"]
[White "Carbonero, Jean Marc"]
[Black "Gabory, Donatien"]
[Result "0-1"]
[WhiteElo "1299"]
[BlackElo "1009"]
[Annotator "Rivier,Sylvain"]
[PlyCount "68"]
[EventDate "2024.??.??"]
[WhiteTeam "Saint-Quentin en Yvelines"]
[BlackTeam "Club d'Echecs de Guyancourt"]

{Partie des quatre cavaliers, variante espagnole} 1. e4 e5 2. Nf3 Nc6 3. Bb5
Nf6 4. Nc3 Bc5 5. O-O O-O 6. a3 d6 7. d3 Bg4 8. h3 Bxf3 9. Qxf3 Nd4 10. Qg3 c6
11. Bc4 b5 12. Ba2 b4 13. axb4 Bxb4 14. Bh6 Ne8 15. Rac1 Bxc3 16. bxc3 Ne2+ 17.
Kh2 Nxg3 18. fxg3 gxh6 19. g4 d5 20. exd5 cxd5 21. c4 dxc4 22. Bxc4 Qd6 23. g3
h5 24. gxh5 Kh8 25. Rf2 e4 26. dxe4 Rc8 27. Rcf1 Rxc4 28. h4 Rxe4 29. Kh3 Re7
30. c4 Rg8 31. Rf3 f5 32. Rg1 Reg7 33. Rc1 Rxg3+ 34. Rxg3 Qxg3# 0-1

[Event "26e tournoi 1hKO"]
[Site "Montigny le Bretonneux"]
[Date "2024.05.09"]
[Round "2.20"]
[White "Hellal, Ayoub"]
[Black "Adsul, Tanush"]
[Result "0-1"]
[WhiteElo "1009"]
[BlackElo "1199"]
[Annotator "Rivier,Sylvain"]
[PlyCount "110"]
[EventDate "2024.??.??"]
[WhiteTeam "La Dame Noire"]
[BlackTeam "La Dame Noire"]

{Défense Pirc} 1. e4 d6 2. d4 Nf6 3. Nc3 g6 4. e5 dxe5 5. dxe5 Qxd1+ 6. Kxd1
Ng4 7. Ne4 Bf5 8. f3 Bxe4 9. fxg4 Bg7 10. Nf3 O-O 11. Bc4 Bxf3+ 12. gxf3 Bxe5
13. Bd5 c6 14. Bc4 b5 15. Bd3 g5 16. Re1 Bxh2 17. Rxe7 Bd6 18. Re4 f5 19. gxf5
Rxf5 20. Re6 Bg3 21. Bxf5 Na6 22. a4 bxa4 23. Rxa4 Nc5 24. Rc4 Rd8+ 25. Ke2
Nxe6 26. Bxe6+ Kf8 27. Rxc6 h5 28. Bxg5 Kg7 29. Bxd8 Be5 30. Bf5 Bxb2 31. Ke3
Bc1+ 32. Ke4 Kf8 33. Ke5 Bb2+ 34. c3 Ke8 35. Kd6 Ba3+ 36. Ke6 Kxd8 37. Be4 h4
38. f4 h3 39. f5 h2 40. f6 a5 41. f7 a4 42. f8=R+ Bxf8 43. Ra6 a3 44. Ra8+ Kc7
45. Rxf8 Kb6 46. Kd5 Kb5 47. Rc8 Kb6 48. Rc4 Kb5 49. Rb4+ Ka5 50. Kc6 a2 51.
Bb1 h1=Q+ 52. Kc5 Qh5+ 53. Kc4 Qf7+ 54. Kd3 Qd5+ 55. Rd4 Qb5+ 0-1

[Event "26e tournoi 1hKO"]
[Site "Montigny le Bretonneux"]
[Date "2024.05.09"]
[Round "2.21"]
[White "Badjate, Nishchal"]
[Black "Orfila, Hugo"]
[Result "1-0"]
[WhiteElo "1199"]
[BlackElo "1009"]
[Annotator "Rivier,Sylvain"]
[PlyCount "57"]
[EventDate "2024.??.??"]
[WhiteTeam "La Dame Noire"]
[BlackTeam "Club d'Echecs de Guyancourt"]

{Partie du pion dame} 1. d4 d5 2. Bf4 Nc6 3. e3 Nf6 4. Nf3 Bg4 5. Nbd2 e6 6. c3
b5 7. Bxb5 Bxf3 8. Nxf3 Qd7 9. Ne5 Qd6 10. Bxc6+ Kd8 11. Bxa8 Ke8 12. Bc6+ Kd8
13. Nxf7+ Ke7 14. Nxd6 cxd6 15. Bg5 h6 16. Qh5 g6 17. Bxf6+ Kxf6 18. Qh4+ Kg7
19. O-O a5 20. f4 Kf7 21. e4 dxe4 22. Bxe4 Be7 23. Qe1 d5 24. Bd3 g5 25. f5
exf5 26. Rxf5+ Bf6 27. Qe5 Kg7 28. Qxf6+ Kg8 29. Qg6# 1-0

[Event "26e tournoi 1hKO"]
[Site "Montigny le Bretonneux"]
[Date "2024.05.09"]
[Round "3.1"]
[White "Appavou, Calixte"]
[Black "El Farihi, Mohsine"]
[Result "0-1"]
[WhiteElo "1787"]
[BlackElo "2073"]
[Annotator "Rivier,Sylvain"]
[PlyCount "32"]
[EventDate "2024.??.??"]
[WhiteTeam "Saint-Quentin en Yvelines"]
[BlackTeam "Gambit Roi de Carrieres sur Seine"]

{Défense française, variante Rubinstein} 1. e4 d5 2. exd5 Qxd5 3. Nc3 Qd8 4.
d4 Nf6 5. Nf3 e6 6. Bd3 Be7 7. O-O O-O 8. Ne4 Nbd7 9. c3 b6 10. Re1 Bb7 11.
Nfd2 c5 12. Qf3 Qc7 13. Qh3 cxd4 14. cxd4 h6 15. Nxf6+ Bxf6 16. Nb3 a5 {
suite illisible} 0-1

[Event "26e tournoi 1hKO"]
[Site "Montigny le Bretonneux"]
[Date "2024.05.09"]
[Round "3.2"]
[White "Briquet, Jean-Pierre"]
[Black "Nosperger, Mael"]
[Result "1/2-1/2"]
[WhiteElo "1981"]
[BlackElo "1727"]
[Annotator "Rivier,Sylvain"]
[PlyCount "102"]
[EventDate "2024.??.??"]
[WhiteTeam "Palamede Echecs"]
[BlackTeam "Palamede Echecs"]

{Gambit dame, défense semi-slave} 1. d4 Nf6 2. Nf3 e6 3. c4 d5 4. Nc3 Bb4 5.
Bg5 c6 6. cxd5 cxd5 7. Qb3 Bxc3+ 8. bxc3 O-O 9. e3 Nbd7 10. Bd3 h6 11. Bh4 Qa5
12. O-O b6 13. a4 g5 14. Bg3 Ne4 15. Bxe4 dxe4 16. Nd2 Ba6 17. Rfc1 Bd3 18. Qd1
Rac8 19. Bd6 Rfe8 20. c4 Rc6 21. Nb3 Qf5 22. c5 Rec8 23. Qh5 Kg7 24. h4 Nf6 25.
Be5 Qxe5 26. dxe5 Nxh5 27. g4 Nf4 28. exf4 gxf4 29. cxb6 Rxc1+ 30. Rxc1 Rxc1+
31. Nxc1 axb6 32. Nxd3 exd3 33. Kf1 f6 34. exf6+ Kxf6 35. Ke1 Ke5 36. f3 Kd4
37. Kd2 e5 38. g5 hxg5 39. hxg5 e4 40. fxe4 Kxe4 41. g6 f3 42. g7 f2 43. g8=Q
f1=Q 44. Qe6+ Kd4 45. Qxb6+ Ke4 46. Qb7+ Kd4 47. Qb4+ Kd5 48. Qb3+ Kd4 49. Qc3+
Kd5 50. Qa5+ Kc6 51. Qb5+ Kc7 1/2-1/2

[Event "26e tournoi 1hKO"]
[Site "Montigny le Bretonneux"]
[Date "2024.05.09"]
[Round "3.3"]
[White "Corbillet, Mathieu"]
[Black "Forissier, Nicolas"]
[Result "0-1"]
[WhiteElo "1699"]
[BlackElo "1931"]
[Annotator "Rivier,Sylvain"]
[PlyCount "65"]
[EventDate "2024.??.??"]
[WhiteTeam "La Dame Noire"]
[BlackTeam "La Dame Noire"]

{Partie écossaise} 1. e4 e5 2. Nf3 Nc6 3. d4 exd4 4. Nxd4 Bc5 5. Be3 Qf6 6. c3
Nge7 7. g3 d5 8. Bg2 dxe4 9. Nb5 Bd6 10. Bxe4 Bh3 11. Nd2 Rd8 12. Nc4 Qe6 13.
Ncxd6+ Kf8 14. Nxc7 Qxd6 15. Qxd6 Rxd6 16. Nb5 Re6 17. Bxc6 Nxc6 18. O-O-O b6
19. Rhe1 Bg4 20. Rd2 Ke7 21. Nc7 Re5 22. f4 Rh5 23. Bc5+ Kf6 24. Rd6+ Be6 25.
Bd4+ Nxd4 26. Rxd4 Rxh2 27. Rd6 Ke7 28. Rd4 Rc8 29. Nd5+ Kf8 30. g4 Bxg4 31.
Nc7 g6 32. Nb5 Be6 {suite non notée} 33. a4 0-1

[Event "26e tournoi 1hKO"]
[Site "Montigny le Bretonneux"]
[Date "2024.05.09"]
[Round "3.4"]
[White "Lim, Chin"]
[Black "Ancey, Remi"]
[Result "1-0"]
[WhiteElo "1914"]
[BlackElo "1483"]
[Annotator "Rivier,Sylvain"]
[PlyCount "45"]
[EventDate "2024.??.??"]
[WhiteTeam "La Dame Noire"]
[BlackTeam "Club d'Echecs de Triel sur Seine"]

{Gambit dame accepté} 1. d4 d5 2. c4 dxc4 3. e4 e5 4. Nf3 exd4 5. Bxc4 c5 6.
O-O Bg4 7. Bxf7+ Kxf7 8. Ne5+ Ke6 9. Nxg4 Nf6 10. Qb3+ Ke7 11. e5 Nxg4 12. Bg5+
Nf6 13. exf6+ gxf6 14. Re1+ Kd7 15. Qe6+ Kc7 16. Bxf6 Qd7 17. Bxh8 Qxe6 18.
Rxe6 Nd7 19. Be5+ Kd8 20. Nd2 Nxe5 21. Rxe5 Rc8 22. Rae1 Rc7 23. Re8+ 1-0

[Event "26e tournoi 1hKO"]
[Site "Montigny le Bretonneux"]
[Date "2024.05.09"]
[Round "3.5"]
[White "Bordier, Hugo"]
[Black "Briquet, Tom"]
[Result "0-1"]
[WhiteElo "1693"]
[BlackElo "1901"]
[Annotator "Rivier,Sylvain"]
[PlyCount "58"]
[EventDate "2024.??.??"]
[WhiteTeam "Echiquier de la Butte"]
[BlackTeam "Palamede Echecs"]

{Partie italienne} 1. e4 e5 2. Nf3 Nc6 3. Bc4 d6 4. Nc3 Be7 5. h3 Nf6 6. d4
Nxd4 7. Nxd4 Bd7 8. Be3 O-O 9. O-O a6 10. a3 exd4 11. Bxd4 Bc6 12. Re1 b5 13.
Ba2 Bb7 14. b4 c5 15. Bxf6 Bxf6 16. Qd2 Rc8 17. Rad1 cxb4 18. Nd5 Bxd5 19. Bxd5
Bc3 20. Qd3 Bxe1 21. Rxe1 Rc3 22. Qd2 Qc7 23. axb4 Rxc2 24. Qf4 Rc8 25. Re3 Qe7
26. Rg3 R2c3 27. Qg4 g6 28. f3 Rc1+ 29. Kh2 Qa7 0-1

[Event "26e tournoi 1hKO"]
[Site "Montigny le Bretonneux"]
[Date "2024.05.09"]
[Round "3.6"]
[White "Gaziello, Marc"]
[Black "Goujon, Antoine"]
[Result "1-0"]
[WhiteElo "1716"]
[BlackElo "1762"]
[Annotator "Rivier,Sylvain"]
[PlyCount "77"]
[EventDate "2024.??.??"]
[WhiteTeam "Club d'Echecs de l'Arpajonnais"]
[BlackTeam "CE Le Roi Soleil - Le Chesnay - Versailles"]

{Gambit Benko accepté} 1. d4 Nf6 2. c4 c5 3. d5 b5 4. cxb5 a6 5. bxa6 g6 6.
Nc3 Bxa6 7. Nf3 Bg7 8. g3 d6 9. Bg2 O-O 10. O-O Nbd7 11. Qc2 Qa5 12. Bd2 Rfb8
13. Rfe1 Ng4 14. h3 Nge5 15. Nxe5 Nxe5 16. b3 Qc7 17. f4 Nd7 18. Rab1 c4 19. b4
Qa7+ 20. Kh2 Bb5 21. e4 Bxc3 22. Bxc3 Qxa2 23. Rb2 Qa7 24. e5 Re8 25. e6 Nf6
26. Qe2 Rad8 27. Ra2 Qb7 28. Qb2 Nh5 29. Bf3 f6 30. Bxh5 gxh5 31. Qd2 Ra8 32.
Rb2 Rec8 33. Rd1 Be8 34. Rg1 Kf8 35. f5 Kg8 36. g4 h4 37. g5 Kf8 38. gxf6 exf6
39. Qh6+ 1-0

[Event "26e tournoi 1hKO"]
[Site "Montigny le Bretonneux"]
[Date "2024.05.09"]
[Round "3.7"]
[White "Branson, James"]
[Black "Pelletier, Sylvain"]
[Result "0-1"]
[WhiteElo "1680"]
[BlackElo "1598"]
[Annotator "Rivier,Sylvain"]
[PlyCount "98"]
[EventDate "2024.??.??"]
[WhiteTeam "Club d'Echecs de Guyancourt"]
[BlackTeam "Club d'Echecs de Guyancourt"]

{Défense Nimzo-indienne, variante Noa} 1. d4 Nf6 2. c4 e6 3. Nc3 Bb4 4. Qc2 d5
5. e3 O-O 6. Nf3 b6 7. Bd2 Bb7 8. Ne5 Nbd7 9. a3 Bxc3 10. Bxc3 Ne4 11. Nxd7
Qxd7 12. Bd3 f5 13. f3 Nxc3 14. Qxc3 Rae8 15. O-O Qd6 16. b4 e5 17. c5 Qh6 18.
Rfe1 e4 19. Be2 f4 20. c6 Bc8 21. fxe4 Rxe4 22. Bf3 Rxe3 23. Rxe3 fxe3 24.
Bxd5+ Be6 25. Bf3 Qg5 26. Rf1 b5 27. d5 Bxd5 28. Bxd5+ Qxd5 29. Rxf8+ Kxf8 30.
Qxe3 Qxc6 31. h3 Qb6 32. Qxb6 axb6 33. Kf2 Ke7 34. Ke3 Ke6 35. Ke4 c5 36. bxc5
bxc5 37. g3 b4 38. a4 b3 39. Kd3 c4+ 40. Kc3 Kd5 41. g4 g5 42. Kb2 Kc5 43. Kc3
h6 44. Kb2 Kb4 45. a5 Kxa5 46. Kc3 Kb5 47. h4 gxh4 48. Kb2 h3 49. g5 hxg5 0-1

[Event "26e tournoi 1hKO"]
[Site "Montigny le Bretonneux"]
[Date "2024.05.09"]
[Round "3.8"]
[White "Meddour, Ithri"]
[Black "Guerillon, Sylvain"]
[Result "0-1"]
[WhiteElo "1563"]
[BlackElo "1687"]
[Annotator "Rivier,Sylvain"]
[PlyCount "76"]
[EventDate "2024.??.??"]
[WhiteTeam "Saint-Quentin en Yvelines"]
[BlackTeam "Club d'Echecs de Triel sur Seine"]

{Ouverture anglaise, variante Nimzo refusée} 1. c4 Nf6 2. Nc3 c6 3. g3 d5 4.
b3 e6 5. Bg2 Bd6 6. e4 d4 7. Nb1 e5 8. d3 O-O 9. Ba3 Bxa3 10. Nxa3 Qa5+ 11. Qd2
Qxa3 12. Ne2 Be6 13. h3 Na6 14. O-O Qb4 15. Qc1 Nc5 16. Rd1 Rac8 17. f4 Nfd7
18. f5 Rce8 19. g4 Qb6 20. Rb1 a5 21. Qb2 Qd8 22. b4 axb4 23. Qxb4 Qg5 24. Qd2
Qxd2 25. Rxd2 Bxc4 26. dxc4 Nf6 27. Rdb2 Ra8 28. Ng3 h6 29. Kf1 Ra3 30. Ne2
Rfa8 31. Nc1 Nfxe4 32. Bxe4 Nxe4 33. Rxb7 Nd2+ 34. Kg2 Nxb1 35. Rxb1 Rc3 36. c5
Rxc5 37. Kf3 Rc3+ 38. Ke4 Re3# 0-1

[Event "26e tournoi 1hKO"]
[Site "Montigny le Bretonneux"]
[Date "2024.05.09"]
[Round "3.9"]
[White "Montay, Jean-Paul"]
[Black "Couradin, Jean-Marie"]
[Result "0-1"]
[WhiteElo "1558"]
[BlackElo "1679"]
[Annotator "Rivier,Sylvain"]
[PlyCount "38"]
[EventDate "2024.??.??"]
[WhiteTeam "La Dame Noire"]
[BlackTeam "La Dame Noire"]

{Partie du pion dame} 1. d4 d5 2. Bf4 Nf6 3. Nf3 c5 4. e3 Qb6 5. b3 Nc6 6. Bd3
Nb4 7. Ne5 Nxd3+ 8. Nxd3 cxd4 9. O-O Bf5 10. Qe2 e6 11. Nd2 dxe3 12. fxe3 Bc5
13. Nxc5 Qxc5 14. c4 O-O 15. cxd5 Qxd5 16. Nc4 Bd3 17. Rfd1 Bxe2 18. Rxd5 Nxd5
19. Rc1 Nxf4 0-1

[Event "26e tournoi 1hKO"]
[Site "Montigny le Bretonneux"]
[Date "2024.05.09"]
[Round "3.10"]
[White "Alluch Abdellach, Nordin"]
[Black "El Yaalaoui, Adam"]
[Result "1-0"]
[WhiteElo "1638"]
[BlackElo "1558"]
[Annotator "Rivier,Sylvain"]
[PlyCount "78"]
[EventDate "2024.??.??"]
[WhiteTeam "Saint-Quentin en Yvelines"]
[BlackTeam "Club d'Echecs de Guyancourt"]

{Défense est-indienne} 1. d4 Nf6 2. c4 d6 3. Nf3 g6 4. e3 Bg7 5. Nc3 Nbd7 6.
Be2 c6 7. Qc2 O-O 8. b3 c5 9. Bb2 b6 10. O-O Bb7 11. Rad1 cxd4 12. Nxd4 Nc5 13.
Bf3 Bxf3 14. Nxf3 Rc8 15. a4 Qc7 16. Nb5 Qb7 17. Nbd4 a6 18. b4 Ncd7 19. Qe2 d5
20. cxd5 Nxd5 21. b5 Nb4 22. Qd2 a5 23. Ba3 e5 24. Bxb4 exd4 25. Bxf8 Rxf8 26.
Nxd4 Nf6 27. Nc6 Ne4 28. Qc2 f5 29. f3 Ng5 30. Rd8 Rxd8 31. Nxd8 Qe7 32. Qb3+
Kh8 33. Nc6 Qc5 34. h4 Bc3 35. hxg5 Qxe3+ 36. Kh1 h5 37. gxh6 Qxh6+ 38. Kg1
Qe3+ 39. Kh2 Qf4+ 1-0